000 00326nam a2200133 4500
005 20260530115301.0
100 1 _aGeorge S. Yip
_931221
245 1 0 _aGlobalización
264 1 _bGrupo Ed. NORMA
_c1997
300 _a306 pƔginas
336 _atexto
_2rdacontent
337 _asin medio
_2rdamedia
338 _avolumen
_2rdacarrier
999 _c12852
_d12852